01468nab a22002897a 4500999001500000003000400015005001700019008004100036040000700077100002700084245005800111260007300169300001500242500003500257505025100292505019000543505008100733650002300814650004600837650002300883650001900906650002500925650002100950650003400971773016001005942001301165 c6437d6437OSt20260203103813.0190429b xxu||||| |||| 00| 0 spa d cPJ aSotile, Patricia9651210aNo fue grooming, fue abuso sexual /cPatricia Sotile. cCiudad Autónoma de Buenos Aires :aThomson Reuters La Ley, b2023. ap. 159-172 aCita Online: AR/DOC/2398/2023. aSumario: I. Introducción. Hechos que motivaron el cambio de calificación legal.— II. ¿Qué es el delito de grooming y por qué no procede su calificación legal en el caso?— III. Abuso sexual coactivo.— IV. Consideraciones finales.  aFallo comentado: TS Córdoba, sala penal ~ 19/05/2023 ~ B., M. A. S. y otro (S., M. R.) s/ p.ss.aa homicidio calificado —reenvío de la Corte Suprema de Justicia de la Nación—. tSi te interesa el texto completo, solicitalo a koha@justierradelfuego.gov.ar 09343aDERECHO PENAL 092902aDELITOS CONTRA LA INTEGRIDAD SEXUAL 092903aABUSO SEXUAL 094857aGROOMING 094109aREDES SOCIALES 092783aTIPO PENAL 094044aPERSPECTIVA DE GÉNERO0 0265893164tRevista de derecho penal y criminología. Nº 11 - Diciembre 2023dCiudad Autónoma de Buenos Aires : Thomson Reuters La Ley, 2017-x00347914 2udccANA